| 000 | 00954cam a22002891i 4500 | ||
|---|---|---|---|
| 001 | 3117544 | ||
| 003 | EG-ScBUE | ||
| 005 | 20240317121740.0 | ||
| 008 | 711005t1968 nyua f b 001 0 eng d | ||
| 040 |
_aDLC _beng _erda _cDLC _dDLC _dEG-ScBUE |
||
| 043 | _ae------ | ||
| 082 | 0 | 4 |
_a940.531 _bLEV _222 |
| 100 | 1 |
_aLevin, Nora, _eauthor. _99760 |
|
| 245 | 1 | 4 |
_aThe Holocaust : _bthe destruction Of European Jewry, 1933-1945 / _cNora Levin. |
| 264 | 1 |
_aNew York : _bThomas Y. Crowell Company, _c[1968] |
|
| 264 | 4 | _cc1968 | |
| 300 |
_axvi, 768 pages : _billustrations ; _c24 cm |
||
| 336 |
_2rdacontent _atext _btxt |
||
| 337 |
_aunmediated _2rdamedia _bn |
||
| 338 |
_avolume _bnc _2rdacarrier |
||
| 504 | _aIncludes bibliographical references and index. | ||
| 650 | 7 |
_aWorld War, 1939-1945 _xJews _zEurope. _2BUEsh _99761 |
|
| 650 | 7 |
_aJews _zEurope. _2BUEsh _99762 |
|
| 655 | _vReading book | ||
| 942 |
_2ddc _cBB |
||
| 999 |
_c13007 _d13007 |
||